Intermediate accounting / (Record no. 10287)
[ view plain ]
| 000 -LEADER | |
|---|---|
| fixed length control field | 01698cam a22004215a 4500 |
| 001 - CONTROL NUMBER | |
| control field | 15004051 |
| 005 - DATE AND TIME OF LATEST TRANSACTION | |
| control field | 20201128013443.0 |
| 008 - FIXED-LENGTH DATA ELEMENTS--GENERAL INFORMATION | |
| fixed length control field | 070912s2007 maua frb 001 0 eng |
| 010 ## - LIBRARY OF CONGRESS CONTROL NUMBER | |
| LC control number | 2007299130 |
| 020 ## - INTERNATIONAL STANDARD BOOK NUMBER | |
| International Standard Book Number | 9780071105354 (hbk.) |
| 020 ## - INTERNATIONAL STANDARD BOOK NUMBER | |
| International Standard Book Number | 0071105352 (hbk.) |
| 040 ## - CATALOGING SOURCE | |
| Original cataloging agency | DLC |
| Language of cataloging | eng |
| Transcribing agency | DLC |
| Modifying agency | EG-ScBUE |
| 050 00 - LIBRARY OF CONGRESS CALL NUMBER | |
| Classification number | HF5635 |
| Item number | .S7838 2007b |
| 082 04 - DEWEY DECIMAL CLASSIFICATION NUMBER | |
| Classification number | 657.044 |
| Item number | SPI |
| Edition number | 22 |
| 100 1# - MAIN ENTRY--PERSONAL NAME | |
| Personal name | Spiceland, J. David, |
| Dates associated with a name | 1949- |
| 9 (RLIN) | 1089 |
| 245 10 - TITLE STATEMENT | |
| Title | Intermediate accounting / |
| Statement of responsibility, etc | J.David Spiceland, James F. Sepe, Lawrence A. Tomassini. |
| 250 ## - EDITION STATEMENT | |
| Edition statement | Rev. 4th ed. |
| 260 ## - PUBLICATION, DISTRIBUTION, ETC. (IMPRINT) | |
| Place of publication, distribution, etc | Boston : |
| Name of publisher, distributor, etc | McGraw-Hill/Irwin, |
| Date of publication, distribution, etc | c2007. |
| 260 ## - PUBLICATION, DISTRIBUTION, ETC. (IMPRINT) | |
| Name of publisher, distributor, etc | Distributer: Baccah |
| 300 ## - PHYSICAL DESCRIPTION | |
| Extent | xxviii, 1202 p. , p.[3] : |
| Other physical details | ill. (some col.) ; |
| Dimensions | 29 cm. |
| 500 ## - GENERAL NOTE | |
| General note | "Includes revised chapter 17 on pensions and other postretirement benefits incorporating SFAS 158"--Cover. |
| 500 ## - GENERAL NOTE | |
| General note | Appendix : p. 1129-1171. |
| 500 ## - GENERAL NOTE | |
| General note | Indexes :p.1183-1202 . |
| 500 ## - GENERAL NOTE | |
| General note | Glossary :p.1172-1179 |
| 504 ## - BIBLIOGRAPHY, ETC. NOTE | |
| Bibliography, etc | Includes bibliographical references. |
| 590 ## - LOCAL NOTE (RLIN) | |
| Local note | Menna Elemam |
| 650 #0 - SUBJECT ADDED ENTRY--TOPICAL TERM | |
| Topical term or geographic name as entry element | Accounting. |
| Source of heading or term | BUEsh |
| 651 ## - SUBJECT ADDED ENTRY--GEOGRAPHIC NAME | |
| Source of heading or term | BUEsh |
| 653 ## - INDEX TERM--UNCONTROLLED | |
| Resource For college | BAEPS, Business Administration |
| Arrived date list | August2015 |
| 700 1# - ADDED ENTRY--PERSONAL NAME | |
| Personal name | Sepe, James F. |
| Title of a work | author. |
| 700 1# - ADDED ENTRY--PERSONAL NAME | |
| Personal name | Tomassini, Lawrence A. |
| Title of a work | author. |
| 856 42 - ELECTRONIC LOCATION AND ACCESS | |
| Materials specified | Contributor biographical information |
| Uniform Resource Identifier | <a href="http://www.loc.gov/catdir/enhancements/fy0804/2007299130-b.html">http://www.loc.gov/catdir/enhancements/fy0804/2007299130-b.html</a> |
| 856 42 - ELECTRONIC LOCATION AND ACCESS | |
| Materials specified | Publisher description |
| Uniform Resource Identifier | <a href="http://www.loc.gov/catdir/enhancements/fy0804/2007299130-d.html">http://www.loc.gov/catdir/enhancements/fy0804/2007299130-d.html</a> |
| 856 41 - ELECTRONIC LOCATION AND ACCESS | |
| Materials specified | Table of contents only |
| Uniform Resource Identifier | <a href="http://www.loc.gov/catdir/enhancements/fy0804/2007299130-t.html">http://www.loc.gov/catdir/enhancements/fy0804/2007299130-t.html</a> |
| 906 ## - LOCAL DATA ELEMENT F, LDF (RLIN) | |
| a | 7 |
| b | cbc |
| c | origres |
| d | 3 |
| e | ncip |
| f | 20 |
| g | y-gencatlg |
| 942 ## - ADDED ENTRY ELEMENTS (KOHA) | |
| Source of classification or shelving scheme | Dewey Decimal Classification |
| Item type | NB - Book (Non borrowing) |
| Call number prefix | 657.044 SPI |
| Withdrawn status | Item status | Source of classification or shelving scheme | Damaged status | Not for loan | Home library | Current library | Shelving location | Date acquired | Source of acquisition | Total Checkouts | Full call number | Barcode | Date last seen | Date last borrowed | Koha item type | Total Renewals | Vendor |
|---|---|---|---|---|---|---|---|---|---|---|---|---|---|---|---|---|---|
| Dewey Decimal Classification | Central Library | Central Library | First floor | 12/11/2008 | Purchase | 2 | 657.044 SPI | 000013921 | 15/07/2025 | 20/08/2013 | NB - Book (Non borrowing) | ||||||
| Dewey Decimal Classification | Central Library | Central Library | First floor | 12/11/2008 | Purchase | 2 | 657.044 SPI | 000013924 | 15/07/2025 | 10/07/2013 | Book - Borrowing | ||||||
| Dewey Decimal Classification | Central Library | Central Library | First floor | 12/11/2008 | Purchase | 4 | 657.044 SPI | 000013923 | 15/07/2025 | 10/07/2013 | Book - Borrowing | 11 | |||||
| Dewey Decimal Classification | Central Library | Central Library | First floor | 13/10/2011 | 2 | 657.044 SPI | 000010528 | 15/07/2025 | 22/04/2015 | Book - Borrowing |